| 000 | 01010cam a2200241 a 4500 | ||
|---|---|---|---|
| 001 | 000018736 | ||
| 005 | 20200929165841.0 | ||
| 008 | 780426s1978 ec 000 f spa d | ||
| 035 | _a(DLC) 78345858 | ||
| 040 |
_aDO-SdBNP _cDLC _dDLC _dBNPHU |
||
| 082 |
_aE862.4 _bD445m |
||
| 100 | 1 |
_aDescalzi, Ricardo, _d1912- _940434 |
|
| 245 | 1 | 4 |
_aLos murmullos de Dios : _brelatos / _cRicardo Descalzi. |
| 260 |
_aQuito : _bCasa de la Cultura Ecuatoriana, _c1978. |
||
| 300 |
_a279 p. ; _c15 cm. |
||
| 490 | 1 |
_aBásica de escritores ecuatorianos _v22 |
|
| 505 | 0 | _aCarrión, B. Tratando de escuchar los murmullos de Dios -- Los temores informes -- Una gorra de letras rojas -- Las tres muñecas -- A la sombra de una verdad -- La vieja Abadía -- Un baile de mascaras -- La estrella fugaz -- Sor Ternura. | |
| 650 | 4 |
_aTeatro español _93071 |
|
| 650 | 4 |
_aLiteratura española _ySIGLO XX _93326 |
|
| 830 | 0 |
_aBásica de escritores ecuatorianos ; _v22. _923084 |
|
| 910 | _aCatalogación derivada / LC | ||
| 049 | _aBNGR | ||
| 999 |
_c18256 _d18256 |
||